000
00263nam a2200097Ia 4500
008
230915s9999 xx 000 0 und d
050
_a
TX911.3 .P46 D48 2000
100
_a
RANSLEY JOSEF
245
0
_a
DEVEELOPING HOSPITALITY PROPERTIES AND FACILITIES
942
_c
BK
999
_c
206141
_d
206141